Devinez le Pays Mystère #59 - Statistiques

Statistiques générales
  • Ce quiz a été pris 280 fois
  • Le résultat moyen est 17 sur 23
Statistiques - réponses
Type de Réponse Réponse % Correct
Lettre Trouvée I
100%
Lettre Trouvée S
93%
Lettre Trouvée E
89%
Lettre Bien Placée S
87%
Lettre Trouvée B
83%
Lettre Trouvée I
83%
Lettre Bien Placée É
78%
Lettre Trouvée R
78%
Lettre Trouvée O
74%
Lettre Trouvée U
74%
Lettre Bien Placée L
73%
Lettre Trouvée L
73%
Lettre Bien Placée B
67%
Pays Mystère Biélorussie
67%
Lettre Bien Placée E
67%
Lettre Trouvée É
67%
Lettre Bien Placée I
67%
Lettre Bien Placée I
67%
Lettre Bien Placée O
67%
Lettre Bien Placée R
67%
Lettre Bien Placée S
67%
Lettre Trouvée S
67%
Lettre Bien Placée U
67%
Aucun quiz correspondant
Distribution des résultats
% des personnes avec chaque résultat
Percentile par nombre de réponses
Votre historique - résultats
Vous n’avez pas pris ce quiz